| 000 | 00399nam a22001337a 4500 | ||
|---|---|---|---|
| 082 |
_a355.009 _bSHE |
||
| 100 |
_aSheppard, E.W _948627 |
||
| 245 |
_aMilitary history for the staff college entrance examination _cSheppard, E.W |
||
| 260 |
_aLondon _bGale & polden ltd _c1932 |
||
| 300 |
_a120p.: _bill,; _c20 cm. |
||
| 526 |
_a0 _b0 _c0 _d355_009000000000000_SHE |
||
| 650 |
_aMCE _9379 |
||
| 942 |
_2ddc _cBK |
||
| 999 |
_c552019 _d552019 |
||